000 00290nam a2200121Ia 4500
008 190216s9999||||xx |||||||||||||| ||und||
100 _aNathaniel Hawthorne
245 4 _aThe House Of The Seven Gables
260 _bEurasia Pub-Ltd
_c1964
300 _a238p
650 _aNovel
942 _cBK
999 _c13337
_d13337